[Event "Madrid-ch 2018-2019 - Previa B"]
[Site "Madrid ESP"]
[Date "2019.02.07"]
[Round "3.3"]
[White "Garcia Serrano, Jose Manuel"]
[Black "Rojas Pozo, Jose Luis"]
[Result "1-0"]
[WhiteElo "1880"]
[BlackElo "1969"]
[PlyCount "53"]
[EventDate "2019.02.01"]
[EventType "swiss"]
[EventRounds "9"]
[EventCountry "ESP"]
[SourceTitle "Ajedrez en Madrid"]
[Source "lmi"]
[SourceDate "2019.02.01"]
[SourceVersion "1"]
[SourceVersionDate "2019.02.26"]
[SourceQuality "1"]

1. e4 e5 2. f4 exf4 3. Nf3 d5 4. exd5 Nf6 5. Bb5+ Bd7 6. Bc4 Qe7+ 7. Kf1 Bg4 8.
d4 g5 9. Nc3 Bg7 10. Qd3 Bxf3 11. Qxf3 a6 12. Bxf4 O-O 13. Bxg5 Qd6 14. Bd3
Nbd7 15. Qf5 Rfe8 16. Qf4 Nb6 17. Qh4 Nbxd5 18. Nxd5 Nxd5 19. Qxh7+ Kf8 20. c3
c5 21. Qh4 cxd4 22. cxd4 Ne3+ 23. Kf2 Qxd4 24. Qxd4 Bxd4 25. Kf3 b5 26. Rac1
Rac8 27. Rxc8 1-0

[Event "Madrid-ch 2018-2019 - Previa B"]
[Site "Madrid ESP"]
[Date "2019.02.07"]
[Round "3.5"]
[White "Largo Barbero, Benito"]
[Black "Marin Aso, Jose Luis"]
[Result "1/2-1/2"]
[WhiteElo "1876"]
[BlackElo "1915"]
[PlyCount "55"]
[EventDate "2019.02.01"]
[EventType "swiss"]
[EventRounds "9"]
[EventCountry "ESP"]
[SourceTitle "Ajedrez en Madrid"]
[Source "lmi"]
[SourceDate "2019.02.01"]
[SourceVersion "1"]
[SourceVersionDate "2019.02.26"]
[SourceQuality "1"]

1. e4 c5 2. Nc3 Nc6 3. g3 g6 4. Bg2 Bg7 5. d3 Rb8 6. f4 e6 7. Nf3 Nge7 8. O-O
O-O 9. Be3 Nd4 10. Rb1 Nec6 11. Ne2 d6 12. c3 Nxf3+ 13. Bxf3 Bd7 14. Rf2 b5 15.
g4 f5 16. Ng3 Ne7 17. Qd2 b4 18. c4 Qc7 19. b3 Nc6 20. gxf5 exf5 21. exf5 Bxf5
22. Nxf5 Rxf5 23. Bg4 Nd4 24. Bf3 Nxf3+ 25. Rxf3 Bc3 26. Qg2 Re8 27. Bf2 Qf7
28. Bg3 1/2-1/2

[Event "Madrid-ch 2018-2019 - Previa B"]
[Site "Madrid ESP"]
[Date "2019.02.07"]
[Round "3.6"]
[White "Palacios Sanchez, Victor"]
[Black "Baeza Escudero, Javier"]
[Result "0-1"]
[WhiteElo "1537"]
[BlackElo "1895"]
[PlyCount "110"]
[EventDate "2019.02.01"]
[EventType "swiss"]
[EventRounds "9"]
[EventCountry "ESP"]
[SourceTitle "Ajedrez en Madrid"]
[Source "lmi"]
[SourceDate "2019.02.01"]
[SourceVersion "1"]
[SourceVersionDate "2019.02.26"]
[SourceQuality "1"]

1. d4 Nf6 2. c4 g6 3. g3 Bg7 4. Bg2 O-O 5. Nf3 d6 6. O-O Nc6 7. Qc2 a6 8. Nc3
Rb8 9. Rd1 b5 10. cxb5 axb5 11. b3 Nb4 12. Qb1 Nbd5 13. Nxd5 Nxd5 14. Bd2 Bb7
15. Qc2 Nf6 16. Ba5 Rc8 17. Rac1 Be4 18. Qd2 Qd7 19. Rc3 Nd5 20. Rcc1 c6 21.
Ne5 dxe5 22. Bxe4 exd4 23. Rc5 Qa7 24. Rdc1 Nc3 25. Bxc3 dxc3 26. Qe3 Bh6 27.
f4 Bg7 28. R5xc3 Qxe3+ 29. Rxe3 Bd4 30. Kf2 c5 31. Kf3 Bxe3 32. Kxe3 Rfd8 33.
Bd3 b4 34. Kd2 Rd7 35. Ke3 Ra7 36. Rc2 Ra5 37. Kf3 f5 38. g4 fxg4+ 39. Kxg4 e6
40. h4 h5+ 41. Kg5 Kg7 42. Bc4 Rf8 43. e4 Rf6 44. Rd2 Ra7 45. Rd6 Rxa2 46. Rd7+
Rf7 47. Rxf7+ Kxf7 48. f5 Rg2+ 49. Kh6 gxf5 50. exf5 Rc2 51. Bxe6+ Kf6 52. Kxh5
c4 53. bxc4 b3 54. c5 b2 55. Ba2 Rxc5 0-1

[Event "Madrid-ch 2018-2019 - Previa B"]
[Site "Madrid ESP"]
[Date "2019.02.07"]
[Round "3.9"]
[White "Esteban Azpiroz, Jorge"]
[Black "Mosteiro Montoro, Alvaro"]
[Result "1-0"]
[WhiteElo "1669"]
[BlackElo "1500"]
[PlyCount "29"]
[EventDate "2019.02.01"]
[EventType "swiss"]
[EventRounds "9"]
[EventCountry "ESP"]
[SourceTitle "Ajedrez en Madrid"]
[Source "lmi"]
[SourceDate "2019.02.01"]
[SourceVersion "1"]
[SourceVersionDate "2019.02.26"]
[SourceQuality "1"]

1. e4 c5 2. Nf3 a6 3. c3 d6 4. d4 cxd4 5. cxd4 Bg4 6. Nc3 e6 7. Be2 h6 8. O-O
Ne7 9. Re1 d5 10. exd5 Nxd5 11. Qb3 Nxc3 12. bxc3 Qc7 13. d5 Bd6 14. Qa4+ Nd7
15. Qxg4 1-0

[Event "Madrid-ch 2018-2019 - Previa B"]
[Site "Madrid ESP"]
[Date "2019.02.07"]
[Round "3.10"]
[White "Perdiguero Herreros, Alejandro"]
[Black "De Fuenmayor Fernandez De La , Carlos Pablo"]
[Result "0-1"]
[WhiteElo "1663"]
[BlackElo "1325"]
[PlyCount "128"]
[EventDate "2019.02.01"]
[EventType "swiss"]
[EventRounds "9"]
[EventCountry "ESP"]
[SourceTitle "Ajedrez en Madrid"]
[Source "lmi"]
[SourceDate "2019.02.01"]
[SourceVersion "1"]
[SourceVersionDate "2019.02.26"]
[SourceQuality "1"]

1. e4 e5 2. Nf3 Nc6 3. Bc4 Bc5 4. c3 Nf6 5. d4 exd4 6. e5 d5 7. Bb5 Ne4 8. cxd4
Bb6 9. O-O O-O 10. h3 f6 11. Nc3 fxe5 12. Bxc6 bxc6 13. Nxe4 dxe4 14. Nxe5 Bxd4
15. Qb3+ Qd5 16. Nxc6 Qxb3 17. axb3 Bc5 18. b4 Bb6 19. Ne7+ Kf7 20. Nxc8 Raxc8
21. Be3 Ke6 22. Bxb6 axb6 23. Rfe1 Kf5 24. Re3 Rcd8 25. Rae1 Rd4 26. f3 Rxb4
27. b3 Re8 28. Rc1 c5 29. Rc4 Rxc4 30. bxc4 Re5 31. Rc3 e3 32. Rc1 Re6 33. g3
Ke5 34. Kf1 Kd4 35. Ke2 Re7 36. g4 Ra7 37. Rc2 Ra4 38. Rb2 Rb4 39. Ra2 Rxc4 40.
f4 b5 41. f5 Ke4 42. Ra7 Rc2+ 43. Kd1 Rd2+ 44. Ke1 b4 45. Rxg7 b3 46. Rb7 b2
47. f6 Rf2 48. f7 Rxf7 49. Rxb2 Rf3 50. h4 Rh3 51. Rb7 Rxh4 52. Re7+ Kf4 53.
Rc7 Rxg4 54. Rxh7 c4 55. Rf7+ Ke4 56. Re7+ Kd3 57. Rd7+ Rd4 58. Re7 c3 59. Rc7
c2 60. Rc8 Rc4 61. Rd8+ Kc3 62. Ke2 c1=Q 63. Rd3+ Kb4 64. Rd8 Qd2+ 0-1

[Event "Madrid-ch 2018-2019 - Previa B"]
[Site "Madrid ESP"]
[Date "2019.02.07"]
[Round "3.12"]
[White "Fariñas Lucas, Juan Antonio"]
[Black "Garcia Pardo, Maria Del Carmen"]
[Result "0-1"]
[WhiteElo "1479"]
[BlackElo "1631"]
[PlyCount "62"]
[EventDate "2019.02.01"]
[EventType "swiss"]
[EventRounds "9"]
[EventCountry "ESP"]
[SourceTitle "Ajedrez en Madrid"]
[Source "lmi"]
[SourceDate "2019.02.01"]
[SourceVersion "1"]
[SourceVersionDate "2019.02.26"]
[SourceQuality "1"]

1. e4 e5 2. Nf3 Nc6 3. Bb5 a6 4. Bxc6 dxc6 5. O-O Bg4 6. d3 Bd6 7. h3 Be6 8.
Be3 f6 9. Nbd2 c5 10. c3 Ne7 11. d4 cxd4 12. cxd4 exd4 13. Nxd4 Bd7 14. Re1 Qc8
15. Qf3 O-O 16. Nc4 Bc5 17. Rad1 b5 18. Nd2 Ba7 19. Nf1 c5 20. Nc2 Bc6 21. Qg4
Qb7 22. Qe6+ Kh8 23. f3 Rae8 24. Qg4 f5 25. exf5 Nxf5 26. Bf2 Rxe1 27. Bxe1 Qc7
28. Ng3 c4+ 29. Kh1 Bb8 30. f4 Nh6 31. Bd2 Nxg4 0-1

[Event "Madrid-ch 2018-2019 - Previa B"]
[Site "Madrid ESP"]
[Date "2019.02.08"]
[Round "4.1"]
[White "Berrocal Exposito, Fernando"]
[Black "Garcia Serrano, Jose Manuel"]
[Result "1/2-1/2"]
[WhiteElo "1796"]
[BlackElo "1880"]
[PlyCount "47"]
[EventDate "2019.02.01"]
[EventType "swiss"]
[EventRounds "9"]
[EventCountry "ESP"]
[SourceTitle "Ajedrez en Madrid"]
[Source "lmi"]
[SourceDate "2019.02.01"]
[SourceVersion "1"]
[SourceVersionDate "2019.02.26"]
[SourceQuality "1"]

1. Nf3 Nc6 2. g3 d5 3. Bg2 e5 4. d3 f5 5. O-O Nf6 6. c4 dxc4 7. dxc4 Qxd1 8.
Rxd1 Bc5 9. Nc3 O-O 10. b3 e4 11. Ne1 Ng4 12. e3 Be6 13. Bb2 Rfd8 14. Nb5 Rac8
15. Nc2 Nge5 16. Nbd4 Bxd4 17. Nxd4 Nxd4 18. Bxd4 Nd3 19. f3 c5 20. fxe4 Nb4
21. exf5 Bxf5 22. Bc3 Nc2 23. Rac1 Nxe3 24. Re1 1/2-1/2

[Event "Madrid-ch 2018-2019 - Previa B"]
[Site "Madrid ESP"]
[Date "2019.02.08"]
[Round "4.2"]
[White "Martin Arbeloa, Fernando"]
[Black "Pajuelo Morales, Raul"]
[Result "1/2-1/2"]
[WhiteElo "1913"]
[BlackElo "1914"]
[PlyCount "50"]
[EventDate "2019.02.01"]
[EventType "swiss"]
[EventRounds "9"]
[EventCountry "ESP"]
[SourceTitle "Ajedrez en Madrid"]
[Source "lmi"]
[SourceDate "2019.02.01"]
[SourceVersion "1"]
[SourceVersionDate "2019.02.26"]
[SourceQuality "1"]

1. d4 Nf6 2. c4 g6 3. Nc3 Bg7 4. e4 d6 5. Be2 O-O 6. Bg5 h6 7. Be3 e5 8. d5 a5
9. h4 h5 10. f3 Nh7 11. Qd2 f5 12. exf5 gxf5 13. O-O-O Qe8 14. Nh3 Na6 15. Bh6
Qg6 16. Bxg7 Kxg7 17. Rdg1 Nc5 18. Nf2 Qh6 19. Qxh6+ Kxh6 20. Kd2 Bd7 21. Nd3
Nxd3 22. Bxd3 Nf6 23. Nd1 Rae8 24. Bc2 Rg8 25. Nc3 Re7 1/2-1/2

[Event "Madrid-ch 2018-2019 - Previa B"]
[Site "Madrid ESP"]
[Date "2019.02.08"]
[Round "4.3"]
[White "Vicente Sastre, Diego"]
[Black "Martin Hernandez, Vicente"]
[Result "1-0"]
[WhiteElo "1879"]
[BlackElo "1892"]
[PlyCount "39"]
[EventDate "2019.02.01"]
[EventType "swiss"]
[EventRounds "9"]
[EventCountry "ESP"]
[SourceTitle "Ajedrez en Madrid"]
[Source "lmi"]
[SourceDate "2019.02.01"]
[SourceVersion "1"]
[SourceVersionDate "2019.02.26"]
[SourceQuality "1"]

1. e4 c5 2. Nf3 d6 3. d3 g6 4. g3 Bg7 5. Bg2 Nf6 6. O-O O-O 7. Re1 Nc6 8. Nbd2
Qc7 9. a4 Bg4 10. h3 Bxf3 11. Nxf3 Nd7 12. c3 e6 13. d4 cxd4 14. Nxd4 Nxd4 15.
cxd4 Qb6 16. Be3 Qxb2 17. Rb1 Qa3 18. Rxb7 Nb6 19. Bf1 Nxa4 20. Rb3 1-0

[Event "Madrid-ch 2018-2019 - Previa B"]
[Site "Madrid ESP"]
[Date "2019.02.08"]
[Round "4.4"]
[White "Baeza Escudero, Javier"]
[Black "Moratalla Garcia, Joaquin"]
[Result "1-0"]
[WhiteElo "1895"]
[BlackElo "1603"]
[PlyCount "87"]
[EventDate "2019.02.01"]
[EventType "swiss"]
[EventRounds "9"]
[EventCountry "ESP"]
[SourceTitle "Ajedrez en Madrid"]
[Source "lmi"]
[SourceDate "2019.02.01"]
[SourceVersion "1"]
[SourceVersionDate "2019.02.26"]
[SourceQuality "1"]

1. e4 c5 2. Nf3 d6 3. d4 cxd4 4. Nxd4 Nf6 5. Nc3 e6 6. Bg5 Be7 7. Qd2 Nc6 8.
O-O-O Bd7 9. Kb1 a6 10. f4 h6 11. Bh4 Nxd4 12. Qxd4 Bc6 13. Rg1 d5 14. e5 Nd7
15. Bxe7 Qxe7 16. Be2 Qc5 17. Qxc5 Nxc5 18. Bf3 Ke7 19. Ne2 Rhd8 20. Nd4 Be8
21. g4 g5 22. f5 Rac8 23. f6+ Kf8 24. h4 Nd7 25. Rde1 Kg8 26. hxg5 hxg5 27. Rh1
Nf8 28. Rh5 Ng6 29. Rxg5 Rc7 30. Rxg6+ fxg6 31. Nxe6 Rcd7 32. Nxd8 Rxd8 33. e6
Rd6 34. f7+ Bxf7 35. exf7+ Kxf7 36. Re5 Rf6 37. Bxd5+ Kf8 38. b3 Rf1+ 39. Kb2
Rg1 40. Re4 b6 41. Bb7 a5 42. Bc8 Kg7 43. Re7+ Kf6 44. Rb7 1-0

[Event "Madrid-ch 2018-2019 - Previa B"]
[Site "Madrid ESP"]
[Date "2019.02.08"]
[Round "4.5"]
[White "Lopez Guitian, Juan J"]
[Black "Largo Barbero, Benito"]
[Result "1/2-1/2"]
[WhiteElo "1562"]
[BlackElo "1876"]
[PlyCount "115"]
[EventDate "2019.02.01"]
[EventType "swiss"]
[EventRounds "9"]
[EventCountry "ESP"]
[SourceTitle "Ajedrez en Madrid"]
[Source "lmi"]
[SourceDate "2019.02.01"]
[SourceVersion "1"]
[SourceVersionDate "2019.02.26"]
[SourceQuality "1"]

1. e4 g6 2. d4 Bg7 3. Nc3 d6 4. f4 e6 5. Nf3 Ne7 6. Be2 a6 7. O-O b5 8. Qd3 Bb7
9. Be3 O-O 10. Rad1 Qe8 11. Ng5 h6 12. Nf3 f5 13. e5 b4 14. Nb1 Be4 15. Qd2
Nbc6 16. c3 a5 17. Qe1 Rb8 18. c4 b3 19. a3 d5 20. Nc3 Bc2 21. Rc1 Qd7 22. c5
Na7 23. Qd2 Nec6 24. Bd3 Bxd3 25. Qxd3 Rb7 26. Nh4 Kh7 27. g4 Qe7 28. Bf2 Qf7
29. gxf5 gxf5 30. Kh1 Rbb8 31. Rg1 Rg8 32. Rg2 Bh8 33. Rcg1 Rxg2 34. Rxg2 Rg8
35. Bg3 Bg7 36. Na4 Qd7 37. Nc3 Ne7 38. Be1 Bf8 39. Rg3 Qe8 40. a4 Ng6 41. Nxg6
Rxg6 42. Nb5 Rxg3 43. Bxg3 Qb8 44. Be1 Be7 45. Bxa5 c6 46. Nxa7 Qxa7 47. Qc3
Qa6 48. Kg1 Bh4 49. Qd2 Qc4 50. Bb4 Kg7 51. a5 Kf7 52. Bc3 Ke8 53. Qd1 Be7 54.
Qf1 Qa4 55. Kg2 Kf7 56. Qa6 Qa1 57. Qe2 Bd8 58. Qe1 1/2-1/2

[Event "Madrid-ch 2018-2019 - Previa B"]
[Site "Madrid ESP"]
[Date "2019.02.08"]
[Round "4.6"]
[White "De Fuenmayor Fernandez De La , Carlos Pablo"]
[Black "Esteban Azpiroz, Jorge"]
[Result "1/2-1/2"]
[WhiteElo "1325"]
[BlackElo "1669"]
[PlyCount "98"]
[EventDate "2019.02.01"]
[EventType "swiss"]
[EventRounds "9"]
[EventCountry "ESP"]
[SourceTitle "Ajedrez en Madrid"]
[Source "lmi"]
[SourceDate "2019.02.01"]
[SourceVersion "1"]
[SourceVersionDate "2019.02.26"]
[SourceQuality "1"]

1. e4 e5 2. Nf3 Nc6 3. Bc4 Nf6 4. d3 Bc5 5. c3 a6 6. Nbd2 O-O 7. Bb3 Re8 8. Nf1
d6 9. Ng3 Be6 10. Ng5 Bxb3 11. Qxb3 Qd7 12. Be3 Na5 13. Qc2 Ba7 14. Bxa7 Rxa7
15. O-O-O c5 16. Ne2 b5 17. f4 b4 18. fxe5 dxe5 19. d4 cxd4 20. Nxd4 exd4 21.
Rxd4 Qg4 22. h4 Qf4+ 23. Kb1 bxc3 24. Qxc3 Qe5 25. Rhd1 h6 26. Nf3 Nxe4 27. Qe3
Qf5 28. Ka1 Rae7 29. Rd5 Nc4 30. Qd4 Qc8 31. Rc1 Ned2 32. Nxd2 Nxd2 33. Qxd2
Qb7 34. Rd8 Kf8 35. Rxe8+ Kxe8 36. Re1 Rxe1+ 37. Qxe1+ Qe7 38. Qxe7+ Kxe7 39.
b4 g5 40. hxg5 hxg5 41. a4 Kd6 42. Kb2 Kd5 43. Kc3 f5 44. b5 axb5 45. axb5 Kc5
46. b6 Kxb6 47. Kd4 Kc6 48. Ke5 f4 49. Ke4 Kd6 1/2-1/2

[Event "Madrid-ch 2018-2019 - Previa B"]
[Site "Madrid ESP"]
[Date "2019.02.08"]
[Round "4.7"]
[White "Alameda Arellano, Cristeto"]
[Black "Moreno Uribarri, Miguel"]
[Result "1-0"]
[WhiteElo "1564"]
[BlackElo "1629"]
[PlyCount "53"]
[EventDate "2019.02.01"]
[EventType "swiss"]
[EventRounds "9"]
[EventCountry "ESP"]
[SourceTitle "Ajedrez en Madrid"]
[Source "lmi"]
[SourceDate "2019.02.01"]
[SourceVersion "1"]
[SourceVersionDate "2019.02.26"]
[SourceQuality "1"]

1. d4 Nf6 2. Bf4 g6 3. e3 Bg7 4. Nf3 O-O 5. Be2 d6 6. h3 Nc6 7. O-O e5 8. dxe5
Ne4 9. c3 dxe5 10. Bh2 Qe7 11. Qc2 f5 12. Bd3 Nd6 13. Nbd2 Be6 14. Be2 g5 15.
Bg3 f4 16. exf4 gxf4 17. Bh4 Bf6 18. Bxf6 Qxf6 19. Bd3 Qg7 20. Kh2 Kh8 21. Rg1
Rg8 22. Rae1 Rae8 23. b4 Qh6 24. b5 Rxg2+ 25. Rxg2 Bxh3 26. bxc6 Bxg2+ 27. Kxg2
1-0

[Event "Madrid-ch 2018-2019 - Previa B"]
[Site "Madrid ESP"]
[Date "2019.02.08"]
[Round "4.8"]
[White "Rojas Pozo, Jose Luis"]
[Black "Vukotic Jovsic, Dragan"]
[Result "1/2-1/2"]
[WhiteElo "1969"]
[BlackElo "1925"]
[PlyCount "88"]
[EventDate "2019.02.01"]
[EventType "swiss"]
[EventRounds "9"]
[EventCountry "ESP"]
[SourceTitle "Ajedrez en Madrid"]
[Source "lmi"]
[SourceDate "2019.02.01"]
[SourceVersion "1"]
[SourceVersionDate "2019.02.26"]
[SourceQuality "1"]

1. d4 e6 2. c4 d5 3. Nf3 Be7 4. Nc3 Nf6 5. Bf4 c6 6. c5 b6 7. b4 a5 8. a3 axb4
9. axb4 Rxa1 10. Qxa1 Na6 11. Qa4 O-O 12. e3 b5 13. Qa3 Nh5 14. Bd3 Nxf4 15.
exf4 Qc7 16. g3 f6 17. O-O Re8 18. Ra1 Bb7 19. Re1 Ra8 20. Qb2 Bc8 21. Qb1 f5
22. Re2 Bf6 23. Ra2 Bd7 24. Ne5 Bxe5 25. dxe5 Qb7 26. Ne2 g6 27. Nd4 Nc7 28.
Qa1 Rxa2 29. Qxa2 Qa6 30. Qxa6 Nxa6 31. Nc2 h6 32. Kf1 g5 33. fxg5 hxg5 34. f4
gxf4 35. gxf4 Be8 36. Be2 Bf7 37. Ke1 Kg7 38. Kd2 Kh6 39. Kc3 Be8 40. Nd4 Bd7
41. Nc2 Nc7 42. Nd4 Kg6 43. Kd2 Kh6 44. Kc2 Na6 1/2-1/2

[Event "Madrid-ch 2018-2019 - Previa B"]
[Site "Madrid ESP"]
[Date "2019.02.08"]
[Round "4.9"]
[White "Marin Aso, Jose Luis"]
[Black "Ortega Morales, Pedro"]
[Result "1-0"]
[WhiteElo "1915"]
[BlackElo "1737"]
[PlyCount "99"]
[EventDate "2019.02.01"]
[EventType "swiss"]
[EventRounds "9"]
[EventCountry "ESP"]
[SourceTitle "Ajedrez en Madrid"]
[Source "lmi"]
[SourceDate "2019.02.01"]
[SourceVersion "1"]
[SourceVersionDate "2019.02.26"]
[SourceQuality "1"]

1. c4 e5 2. Nc3 Nf6 3. Nf3 Nc6 4. d4 exd4 5. Nxd4 d6 6. Nxc6 bxc6 7. g3 Bd7 8.
Bg2 Be7 9. O-O O-O 10. b3 Rb8 11. Bb2 Qc8 12. Re1 Qa6 13. Ne4 Nxe4 14. Bxe4 f5
15. Bg2 Bf6 16. Bxf6 Rxf6 17. e3 Re8 18. Qd4 c5 19. Qd5+ Kf8 20. Qd2 Bc6 21.
Bd5 Bxd5 22. cxd5 Qb7 23. Rac1 Re5 24. Red1 Rf7 25. Rc4 Re4 26. f3 Re8 27. Ra4
Rfe7 28. e4 fxe4 29. Rxe4 Kg8 30. Rxe7 Rxe7 31. Re1 Rxe1+ 32. Qxe1 Qc8 33. Qe7
h6 34. g4 Qf8 35. Qxf8+ Kxf8 36. f4 Kf7 37. Kf2 Kf6 38. h4 Ke7 39. Ke3 Kd7 40.
h5 Ke7 41. g5 Kf7 42. Ke4 g6 43. hxg6+ Kxg6 44. gxh6 Kxh6 45. Kf5 Kg7 46. Ke6
Kf8 47. f5 a5 48. a4 Ke8 49. f6 Kf8 50. f7 1-0

[Event "Madrid-ch 2018-2019 - Previa B"]
[Site "Madrid ESP"]
[Date "2019.02.08"]
[Round "4.10"]
[White "Mosteiro Montoro, Alvaro"]
[Black "Perdiguero Herreros, Alejandro"]
[Result "1-0"]
[WhiteElo "1500"]
[BlackElo "1663"]
[PlyCount "81"]
[EventDate "2019.02.01"]
[EventType "swiss"]
[EventRounds "9"]
[EventCountry "ESP"]
[SourceTitle "Ajedrez en Madrid"]
[Source "lmi"]
[SourceDate "2019.02.01"]
[SourceVersion "1"]
[SourceVersionDate "2019.02.26"]
[SourceQuality "1"]

1. d4 d5 2. c4 e5 3. cxd5 Qxd5 4. Nf3 Bb4+ 5. Nc3 exd4 6. Qxd4 Qxd4 7. Nxd4 Nf6
8. Bd2 O-O 9. a3 Bc5 10. Nb3 Bb6 11. e3 Nc6 12. Na4 Ne4 13. Bb5 Be6 14. Nxb6
axb6 15. Bxc6 bxc6 16. Nd4 Nxd2 17. Kxd2 Bd5 18. Rhg1 f5 19. Ne2 Rfd8 20. Kc3
c5 21. Nf4 Bc6 22. Rgd1 b5 23. Rxd8+ Rxd8 24. Nd3 Bd5 25. Nxc5 Bxg2 26. Ne6 Rd7
27. Nd4 c6 28. Rg1 Bd5 29. Ne2 Kf7 30. Kb4 Rd6 31. Kc5 Rf6 32. Nf4 Bc4 33. Rd1
Ke7 34. Rd2 g5 35. Nh5 Rg6 36. Ng3 f4 37. exf4 gxf4 38. Nf5+ Ke6 39. Nd4+ Ke5
40. Nxc6+ Ke4 41. Rd4+ 1-0

[Event "Madrid-ch 2018-2019 - Previa B"]
[Site "Madrid ESP"]
[Date "2019.02.08"]
[Round "4.11"]
[White "Martin Rodriguez, Jose Luis"]
[Black "Palacios Sanchez, Victor"]
[Result "0-1"]
[WhiteElo "1284"]
[BlackElo "1537"]
[PlyCount "82"]
[EventDate "2019.02.01"]
[EventType "swiss"]
[EventRounds "9"]
[EventCountry "ESP"]
[SourceTitle "Ajedrez en Madrid"]
[Source "lmi"]
[SourceDate "2019.02.01"]
[SourceVersion "1"]
[SourceVersionDate "2019.02.26"]
[SourceQuality "1"]

1. c4 Nf6 2. Nc3 e6 3. e4 Bc5 4. e5 Ng8 5. d4 Bb6 6. Nf3 d6 7. Bg5 Ne7 8. Be2
h6 9. Be3 Nf5 10. Bf4 Nc6 11. d5 Ncd4 12. Nxd4 Bxd4 13. Bg3 Nxg3 14. Qxd4 Nxh1
15. O-O-O Qg5+ 16. Qe3 Nxf2 17. Qxg5 hxg5 18. Rf1 dxe5 19. Rxf2 Rxh2 20. Bf3 f5
21. dxe6 Bxe6 22. Bxb7 Rd8 23. Bd5 Bxd5 24. Nxd5 Rxd5 25. cxd5 f4 26. Re2 Ke7
27. Rxe5+ Kf6 28. Re2 Kf5 29. Rc2 Ke5 30. Rxc7 Kxd5 31. Rxg7 Rxg2 32. Rxa7 f3
33. Kd1 f2 34. Ke2 g4 35. Ra5+ Kc6 36. Ra6+ Kb5 37. Rf6 g3 38. Kf1 Rg1+ 39. Ke2
Re1+ 40. Kd2 f1=Q 41. Rxf1 Rxf1 0-1

[Event "Madrid-ch 2018-2019 - Previa B"]
[Site "Madrid ESP"]
[Date "2019.02.09"]
[Round "5.1"]
[White "Garcia Serrano, Jose Manuel"]
[Black "Vicente Sastre, Diego"]
[Result "0-1"]
[WhiteElo "1880"]
[BlackElo "1879"]
[PlyCount "58"]
[EventDate "2019.02.01"]
[EventType "swiss"]
[EventRounds "9"]
[EventCountry "ESP"]
[SourceTitle "Ajedrez en Madrid"]
[Source "lmi"]
[SourceDate "2019.02.01"]
[SourceVersion "1"]
[SourceVersionDate "2019.02.26"]
[SourceQuality "1"]

1. e4 c5 2. d4 cxd4 3. c3 dxc3 4. Nxc3 Nc6 5. Nf3 e6 6. Bc4 a6 7. O-O b5 8. Bb3
Bb7 9. Re1 Nge7 10. Bg5 f6 11. Be3 Ng6 12. Nd5 exd5 13. exd5 Nce5 14. Nxe5 fxe5
15. d6 Qf6 16. Bd5 Bxd5 17. Qxd5 Rc8 18. Rac1 Rxc1 19. Rxc1 Bxd6 20. Rc8+ Ke7
21. Rxh8 Nxh8 22. Qg8 Qg6 23. h4 Nf7 24. h5 Qxh5 25. Qa8 Ng5 26. Bb6 Qd1+ 27.
Kh2 e4+ 28. g3 Qh5+ 29. Kg1 Nf3+ 0-1

[Event "Madrid-ch 2018-2019 - Previa B"]
[Site "Madrid ESP"]
[Date "2019.02.09"]
[Round "5.2"]
[White "Pajuelo Morales, Raul"]
[Black "Berrocal Exposito, Fernando"]
[Result "1-0"]
[WhiteElo "1914"]
[BlackElo "1796"]
[PlyCount "39"]
[EventDate "2019.02.01"]
[EventType "swiss"]
[EventRounds "9"]
[EventCountry "ESP"]
[SourceTitle "Ajedrez en Madrid"]
[Source "lmi"]
[SourceDate "2019.02.01"]
[SourceVersion "1"]
[SourceVersionDate "2019.02.26"]
[SourceQuality "1"]

1. e4 d6 2. d4 g6 3. Nc3 Bg7 4. f4 Nd7 5. Nf3 Ngf6 6. Bd3 c6 7. O-O O-O 8. Kh1
b5 9. e5 dxe5 10. fxe5 Ne8 11. Ne4 Nc7 12. Qe1 Nb6 13. Qh4 Ne6 14. Bh6 f6 15.
Rae1 Nxd4 16. Nxd4 g5 17. Nxg5 Bxh6 18. Qxh6 Rf7 19. Bxh7+ Rxh7 20. Qxh7+ 1-0

[Event "Madrid-ch 2018-2019 - Previa B"]
[Site "Madrid ESP"]
[Date "2019.02.09"]
[Round "5.3"]
[White "Martin Arbeloa, Fernando"]
[Black "Baeza Escudero, Javier"]
[Result "1-0"]
[WhiteElo "1913"]
[BlackElo "1895"]
[PlyCount "91"]
[EventDate "2019.02.01"]
[EventType "swiss"]
[EventRounds "9"]
[EventCountry "ESP"]
[SourceTitle "Ajedrez en Madrid"]
[Source "lmi"]
[SourceDate "2019.02.01"]
[SourceVersion "1"]
[SourceVersionDate "2019.02.26"]
[SourceQuality "1"]

1. d4 Nf6 2. c4 g6 3. Nc3 Bg7 4. e4 d6 5. Be2 O-O 6. Bg5 c5 7. d5 e6 8. dxe6
Bxe6 9. Qd2 Qb6 10. Rc1 Nc6 11. f3 Nd4 12. Bd3 Nd7 13. Nge2 Nxe2 14. Bxe2 Rfe8
15. O-O a6 16. b3 Nb8 17. f4 Bd4+ 18. Kh1 f6 19. Bh6 Nc6 20. Bd3 Qb4 21. Qc2
Qxc3 22. Qxc3 Bxc3 23. Rxc3 Nb4 24. Bb1 b5 25. f5 gxf5 26. Rg3+ Kh8 27. Bg7+
Kg8 28. exf5 Bd7 29. Bh6+ Kh8 30. Bg7+ Kg8 31. Bxf6+ Kf7 32. Rg7+ Kxf6 33. Rxd7
Rad8 34. Rxh7 d5 35. cxd5 Rxd5 36. Rh6+ Kf7 37. f6 Nd3 38. Bxd3 Rxd3 39. h3 c4
40. bxc4 bxc4 41. Rh7+ Kg6 42. Rg7+ Kh6 43. Rf4 Rd5 44. f7 Rf8 45. Rg8 Rdd8 46.
Rh4# 1-0

[Event "Madrid-ch 2018-2019 - Previa B"]
[Site "Madrid ESP"]
[Date "2019.02.09"]
[Round "5.4"]
[White "Alameda Arellano, Cristeto"]
[Black "Marin Aso, Jose Luis"]
[Result "1/2-1/2"]
[WhiteElo "1564"]
[BlackElo "1915"]
[PlyCount "93"]
[EventDate "2019.02.01"]
[EventType "swiss"]
[EventRounds "9"]
[EventCountry "ESP"]
[SourceTitle "Ajedrez en Madrid"]
[Source "lmi"]
[SourceDate "2019.02.01"]
[SourceVersion "1"]
[SourceVersionDate "2019.02.26"]
[SourceQuality "1"]

1. d4 Nf6 2. Bf4 c5 3. e3 Qb6 4. Na3 d6 5. dxc5 Qxc5 6. h3 g6 7. Nf3 Bg7 8. c3
O-O 9. Be2 Nd5 10. Qd3 Bf5 11. Qd2 Nxf4 12. exf4 e5 13. Nc4 exf4 14. Qxf4 d5
15. Ncd2 Re8 16. Nd4 Bxd4 17. cxd4 Qb5 18. Ne4 Qb6 19. Nd6 Qxb2 20. O-O Rxe2
21. Nxf5 Nc6 22. Rab1 Qd2 23. Qg4 Re4 24. Qg3 Nxd4 25. Nxd4 Qxd4 26. Rxb7 Rae8
27. Qf3 R4e7 28. Rxe7 Rxe7 29. Rd1 Qe4 30. Rxd5 Qb1+ 31. Kh2 Qxa2 32. Rd8+ Kg7
33. Qc3+ f6 34. Rd6 Qf7 35. Qa3 Rd7 36. Ra6 Qe7 37. Qxe7+ Rxe7 38. Kg3 Kf7 39.
h4 Kg7 40. Kf4 Rb7 41. g4 Kf7 42. Ke4 Rb4+ 43. Kf3 Rb2 44. Ke4 Rb4+ 45. Kf3 Rb7
46. Ke4 Rd7 47. f4 1/2-1/2